000 01066nam a22003257a 4500
003 CHAP
005 20220329134518.0
008 971013s1981 r 00010 d
010 _a21414
011 _a22386
035 _a26481
040 _cCHAP
090 _aFolleto 7446
100 0 0 _aClandinin, D. R.
_923589
245 _aCanola meal for livestock and poultry
260 _aWirnipeg :
_bCanola Council of Canada,
_c1981
300 _a25 p.
_b: ilus.
490 _aConola Council of Canada. Publication
_v; 59
590 _aBATCH-UPD
_b10
_c20130110
_lUCH01
_h1653
590 _aBATCH-UPD
_b10
_c20130410
_lUCH01
_h1042
590 _aBATCH-UPD
_b10
_c20130913
_lUCH01
_h1850
590 _aCONVERSION
_b10
_c20130109
_lUCH01
_h1313
650 1 4 _aAceite de colza.
_9430
650 1 4 _aAceites vegetales en nutrición animal.
_9465
830 0 _aConola Council of Canada. Publication
_v; 59
_927249
901 _aBK
942 _cFOLL
949 _aFolleto 7446
_bBC
_cFOLL
_d-61081
_eTS1
_i26481
_mD
_si
949 _aFolleto 7446
_bBC
_cFOLL
_d-61082
_eTS2
_fc.2
_i26481
_si
999 _c21414
_d21414